000 00427nam a22001697a 4500
003 MPLRDC
005 20220104125333.0
008 210129b ||||| |||| 00| 0 eng d
082 _a857.9 GSC v.1
100 _a公孙痴
245 _a残夜魔踪. 上
_c
260 _a
_b文天出版股份有限公司
_c1986
300 _b
490 _a新派侠义小说系列
650 _a武侠小说
942 _cBK
_o857.9 GSC v.1
999 _c26564
_d26554